000 00780nam a2200241 i 4500
001 69918
003 ES-MaACL
005 20250813062714.0
007 t|
008 040713s1980 sp |||| |bspa d
080 _a929 García Lorca, Federico
100 1 _aGarcía Lorca, Francisco.
_954859
_eaut
245 1 0 _aFederico y su mundo /
_cFrancisco García Lorca ; edición y prólogo de Mario Hernández.
260 _a[Madrid] :
_bAlianza,
_c[1980]
300 _aXXXV, 485 p., 16 lám. ;
_c20 cm.
490 1 _aAlianza tres ;
_v58
600 1 4 _aGarcía Lorca, Federico,
_d1898-1936-
_954854
_xBiografías
700 1 _aHernández, Mario,
_d1945-
_9151331
_epbl
830 0 0 _aAlianza tres
_v58
_9177344
852 _aES-MaACL
_jC-33825
942 _2udc
999 _c69918
_d69918